000 00227nam a2200097Ia 4500
008 190216s9999||||xx |||||||||||||| ||und||
100 _aDr.Radakrishnan S
245 0 _aReligion And Culture
260 _bNbs Kottayam
942 _cBK
999 _c18723
_d18723